Κατάλογος Βιβλιοθηκών Mediterranean College

Το Περιοδικό της Ελληνικής Ψυχολογικής Εταιρίας / The Journal of the Hellenic Psychological Society (Record no. 9256)

MARC details
000 -LEADER
fixed length control field 02146cam a22001934a 4500
005 - ΗΜΕΡΟΜΗΝΙΑ ΚΑΙ ΩΡΑ ΤΕΛΕΥΤΑΙΑΣ ΕΝΗΜΕΡΩΣΗΣ
Πεδίο ελέγχου 20250605163704.0
008 - FIXED-LENGTH DATA ELEMENTS--GENERAL INFORMATION
Πεδίο ελέγχου σταθερού μήκους 250528s ||||||||||||||||||||||||d
035 ## - SYSTEM CONTROL NUMBER
System control number 24368
040 ## - ΠΗΓΗ ΚΑΤΑΛΟΓΟΓΡΑΦΗΣΗΣ
Φορέας πρωτότυπης καταλογογράφησης MC Athens Campus Library
Γλώσσα καταλογογράφησης Ελληνικά, Μοντέρνα (1453-)
Modifying agency MC Athens Campus Library
Κανόνες περιγραφικής καταλογογράφησης AACR2
245 1# - ΤΙΤΛΟΣ ΚΑΙ ΔΗΛΩΣΗ ΥΠΕΥΘΥΝΟΤΗΤΑΣ
Τίτλος Το Περιοδικό της Ελληνικής Ψυχολογικής Εταιρίας / The Journal of the Hellenic Psychological Society
260 ## - PUBLICATION, DISTRIBUTION, ETC.
Name of publisher, distributor, etc. Πεδίο,
Date of publication, distribution, etc. 2011
300 ## - PHYSICAL DESCRIPTION
Extent 264
520 ## - SUMMARY, ETC.
Summary, etc. Μυστικά και Εκμυστηρεύσεις: Πώς τα Μικρά Παιδιά Χειρίζονται τα Μυστικά, Διερευνώντας τις Σχέσεις Ανάμεσα στη Θεωρία του Νου και στις Επιστημονικές Πεποιθήσεις, Αντιλήψεις Εκπαιδευτικών της Δευτεροβάθμιας για την Αξιοποίηση των Τεχνολογιών της Πληροφορίας και της Επικοινωνίας στην Εκπαίδευση: Έμφυλες Διαστάσεις, Το Στίγμα της Παχυσαρκίας και οι Επιπτώσεις του στη Συναισθηματική και Κοινωνική Ζωή των Παιδιών: Μια Βιβλιογραφική Ανασκόπηση, Υγιή Αδέρφια Παιδιών με Καρκίνο, Χαρακτηριστικά της Προσωπικότητας της Ελληνίδας Νηπιαγωγού βάσει του Ερωτηματολογίου των 16 Παραγόντων του Cattell, Ο Έλεγχος Μηδενικών Υποθέσεων: Διαδικασία και Παρανοήσεις και Μερικές Προτάσεις για Καλύτερες Πρακτικές, Η Αξιολόγηση της Παραγοντικής Δομής και των Ψυχομετρικών Χαρακτηριστικών του Penn State Worry Questionnaire (PSWQ) στον Ελληνικό Πληθυσμό.
700 1# - ΠΡΟΣΘΕΤΗ ΑΝΑΓΡΑΦΗ--ΦΥΣΙΚΟ ΠΡΟΣΩΠΟ
Personal name Βοσνιάδου Στέλλα
942 ## - ADDED ENTRY ELEMENTS (KOHA)
Koha item type Περιοδικά Δημοσιεύματα
Holdings
Τύπος τεκμηρίου Βιβλιοθήκη Τρέχουσα τοποθεσία Barcode Ημερομηνία απόκτησης Ταξιθετικό σύμβολο Αριθμός αντιτύπου Αρίθμηση σειρών / χρονολογία Κατάσταση απόσυρσης Κατάσταση χαμένου Κατάσταση κατεστραμμένου Μη δανεισμός Σύνολο δανεισμών Ημερομηνία τελευταίας εμφάνισης Η τιμή ισχύει από
Περιοδικά Δημοσιεύματα MC Athens Campus Library MC Athens Campus Library 9780000092557 05/06/2025 ΠΕΡΙΟΔΙΚΟ ΤΗΣ ΕΛΛΗΝΙΚΗΣ ΨΥΧΟΛΟΓΙΚΗΣ ΕΤΑΙΡΙΑΣ 1 18           05/06/2025 05/06/2025

MC Athens Campus Library
Πατησίων 94 & Κοδριγκτώνος 13, 104 34
Πελλήνης 8 & Πατησίων 107, 112 51
Τ: +30 210 8899600

MC Thessaloniki Campus Library
Ίωνος Δραγούμη 21, 54625 | Ίωνος Δραγούμη 15, 54625
Τ: +30 2310 287779 – Τ: +30 2314 440300